Minecraft by Letter - M - Statistics

General Stats
  • This quiz has been taken 32 times
  • The average score is 12 of 15
Answer Stats
Hint Answer % Correct
One of only two ways of transportation in the game, used with rails Minecart
100%
The nether version of a slime Magma Cube
93%
The enchantment that repairs your tools with XP Mending
89%
You can milk cows and goats and get this Milk
86%
Mushroom versions of cows that only spawn on mushroom islands Mooshroom
86%
You can milk the mushroom cow with a bowl and get this Mushroom Stew
82%
The structure for the first answer Mineshaft
79%
Bow and crossbow enchantment that shoots multiple arrows with the cost of only one Multishot
79%
You can put these in jukeboxes, there is a wide variety of selections Music Discs
79%
Another name for the badlands biome Mesa
75%
You can get this mob by breeding a cow and a donkey with golden carrots Mule
71%
This mediocre food source is only found in jungles, and can be planted Melon
68%
The largest ocean structure Monument
68%
A type of swamp with the infamous red wood Mangrove
54%
The structure found in dark oak forests Mansions
50%
No matching quizzes found
Score Distribution
Percent of People with Each Score
Percentile by Number Answered
Your Score History
You have not taken this quiz